书目信息 |
| 题名: |
天文普及年历
|
|
| 作者: | ;北京天文馆 , 紫金山天文台 编 | |
| 分册: | ||
| 出版信息: | 北京 科学出版社 1980 |
|
| 页数: | 156页 | |
| 开本: | 19cm | |
| 丛书名: | ||
| 单 册: | ||
| 中图分类: | P197.1 | |
| 科图分类: | ||
| 主题词: | 天文年历--中国--1981 | |
| 电子资源: | ||
| ISBN: | ||
| 000 | 00690nam0 2200241 45 | |
| 001 | 0180005230 | |
| 005 | 20060810090032.90 | |
| 010 | @dCNY0.43 | |
| 091 | @a13031.1429 | |
| 100 | @a19950314d1980 em y0chiy0121 ea | |
| 101 | 0 | @achi |
| 102 | @aCN@b110000 | |
| 105 | @ay z 000yy | |
| 200 | 10 | @a天文普及年历@Atian wen pu ji nian li@e1981@f紫金山天文台,北京天文馆编 |
| 210 | @a北京@c科学出版社@d1980 | |
| 215 | @a156页@d19cm | |
| 606 | @a天文年历@y中国@z1981 | |
| 690 | @aP197.1@v3 | |
| 711 | 02 | @a北京天文馆@Abei jing tian wen guan@4编 |
| 711 | 02 | @a紫金山天文台@Azi jin shan tian wen tai@4编 |
| 801 | 2 | @aCN@bNLC@c20060810 |
| 801 | 0 | @aCN@bTSSF |
| 905 | @a10447@dP197.1@e93:(1981) | |
| 天文普及年历:1981/紫金山天文台,北京天文馆编.-北京:科学出版社,1980 |
| 156页;19cm |
| ISBN :CNY0.43 |
| ● |
| 相关链接 |
|
|
|
|
正题名:天文普及年历
索取号:P197.1/93:(1981)
 
预约/预借
| 序号 | 登录号 | 条形码 | 馆藏地/架位号 | 状态 | 备注 |
| 1 | 0452070 | 204520704 | 密集书库/ [索取号:P197.1/93:(1981)] | 在馆 |